Countries by Navy size - Statistics

General Stats
  • This quiz has been taken 41 times
  • The average score is 9 of 10
Answer Stats
Hint Answer % Correct
La Marseillaise France
100%
Kimigayo Japan
100%
Patrioticheskaya Pesnya Russia
100%
March of the Volunteers China
97%
God save the King UK
97%
Star-Spangled banner USA
94%
Il Canto degli Italiani Italy
91%
Aegukga South Korea
86%
Huang Tzu Taiwan
80%
Jana Gana Mana India
77%
No matching quizzes found
Score Distribution
Percent of People with Each Score
Percentile by Number Answered
Your Score History
You have not taken this quiz